[Event "BL 15/16 Baden Baden - Bremen"]
[Site "Germany"]
[Date "2016.03.13"]
[Round "11"]
[White "Fressinet, Laurent"]
[Black "Adams, Michael"]
[Result "1/2-1/2"]
[WhiteElo "2707"]
[BlackElo "2727"]
[Annotator "Matthias Krallmann"]
[PlyCount "112"]
[EventDate "2016.??.??"]
[EventCountry "GER"]
[SourceDate "2015.04.14"]
[WhiteTeam "Werder Bremen"]
[BlackTeam "Baden-Baden"]

1. e4 e5 2. Nf3 Nc6 3. Bb5 a6 4. Ba4 Nf6 5. O-O Be7 6. d3 d6 7. c3 O-O 8. Nbd2
Re8 9. Re1 Bf8 10. Nf1 h6 11. h3 b5 12. Bb3 Be6 13. Ne3 $146 (13. Bc2 d5 14.
Qe2 (14. exd5 Bxd5 15. Ne3) 14... dxe4 15. dxe4 Bc4 16. Qe3 Nd7 17. N3h2 Qh4
18. Ng3 Rad8 19. b3 Be6 20. a3 Na5 21. Rb1 c5 22. Qf3 b4 23. axb4 cxb4 24. Qe2
bxc3 25. Qxa6 Ra8 26. Qe2 Nc6 27. Nf3 Qd8 28. Bd3 Qb6 29. Bc4 Nd4 30. Nxd4 exd4
31. Bf4 Nc5 32. b4 Na4 33. Bxe6 Rxe6 34. Nf5 Nb2 35. Qg4 Rg6 36. Qf3 Re8 37. e5
d3 38. Re4 Qe6 39. Nh4 Qa2 40. Rf1 Rge6 41. Nf5 d2 42. Nd4 Rb6 {0-1 Baramidze,
D (2545)-Nikolic,P (2596)/Kusadasi 2006/CBM 111 Extra}) 13... Qd7 14. Nh2 Ne7
15. Nhg4 Nxg4 16. Nxg4 c5 17. a4 {[#]} h5 {Schwächt das Feld g5. Das versucht
Laurent in der Folge auszunutzen.} (17... c4 18. Bc2 Ng6 $11) 18. Nh2 g6 19.
Nf3 Bxb3 20. Qxb3 Qc6 21. Bg5 Reb8 22. Qd1 b4 23. Nd2 Ra7 24. Nc4 Bg7 25. Bxe7
Rxe7 {[#] Weiß spielt darauf, dass aufgrund des geschwächten Feldes d5 der
weiße Springer besser ist als der schwarze Läufer, der hauptsächlich auf
die eigenen Bauern guckt.} 26. a5 {Mit etwas Risiko gespielt. Der Bauer a5
kann im weiteren Verlauf schwach werden. Aber selbst wenn er verloren geht,
ist noch kein Grund zur Panik, wie die Partie zeigen wird.} (26. Ne3 bxc3 27.
bxc3 Reb7 28. Nc4 Qd7 29. a5 {ist sicherer für Weiß als die Zugfolge in der
Partie}) 26... Reb7 27. Nb6 bxc3 28. bxc3 Bf6 29. Nd5 Bd8 30. Ra2 Rb2 31. Qa1
Qb5 $15 32. Rxb2 Qxb2 33. Qa4 Rb5 34. c4 Qb3 35. Qxb3 Rxb3 36. Rd1 Kg7 37. Kf1
Ra3 38. Ke2 Rxa5 {[#] Schwarz hat den schwachen Bauern auf a5 erobert, aber
die Entscheidung ist aufgrund des guten Springers und des schlechten Läufers
noch nicht gefallen.} 39. Rb1 Ra2+ 40. Kf3 a5 41. Rb8 Bg5 42. Nc7 Bd2 43. Ne8+
Kh7 44. Rb7 Be1 45. Rxf7+ Kh6 46. Re7 a4 $6 {Hier war Adams beste Chance die
Partie zu gewinnen. Der a-Bauer ist nicht so gefährlich. Schwarz hätte die
weißen Königsflügelbauern einsammeln müssen.} (46... Rxf2+ 47. Ke3 Rxg2 48.
Nxd6 Kg5 49. Rxe5+ Kh4 50. Re8 Bd2+ 51. Kf3 Rg3+ 52. Ke2 Bf4 53. Nb7 Re3+ 54.
Kf2 Rxh3 $17) 47. Nxd6 Rxf2+ 48. Ke3 a3 49. Nf7+ Kg7 50. Nxe5+ Kf6 51. Nc6 a2
52. e5+ {[#]} Kf5 (52... Kg5 53. Ra7 Kf5 (53... Kh4 54. e6 Rf6 55. Nd8 Rf5 56.
Ke4 $16) (53... Rxg2 54. e6 Rg3+ 55. Ke4 Kf6 56. e7 Bf2 57. e8=N+) 54. Rf7+ $11
) 53. Rf7+ Ke6 54. Re7+ Kf5 55. Rf7+ Ke6 56. Re7+ Kf5 {Eine starke
Verteidigungsleistung von Laurent in einer schwerblütigen Partie zweier
Spanischexperten.} 1/2-1/2

[Event "BL 15/16 Baden Baden - Bremen"]
[Site "?"]
[Date "2016.03.13"]
[Round "11.2"]
[White "Wojtaszek, Radoslaw"]
[Black "McShane, Luke J"]
[Result "1/2-1/2"]
[WhiteElo "2713"]
[BlackElo "2676"]
[PlyCount "108"]
[EventDate "2016.??.??"]
[SourceDate "2015.04.14"]

1. d4 Nf6 2. c4 g6 3. Nc3 Bg7 4. e4 d6 5. Nf3 O-O 6. Be2 e5 7. O-O Na6 8. Be3
Qe8 9. dxe5 dxe5 10. h3 Nh5 11. c5 Nf4 12. Bxa6 bxa6 13. Nd5 Nxd5 14. Qxd5 Bd7
15. Rfe1 Bc6 16. Qc4 a5 17. Bd2 a4 18. Ba5 Rc8 19. Rad1 Kh8 20. Nd2 f5 21. f3
Rf7 22. Nf1 fxe4 23. fxe4 Rb8 24. b3 axb3 25. axb3 Bb5 26. Qc2 Qe7 27. Nh2 Rbf8
28. Nf3 Rxf3 29. gxf3 Rxf3 30. Qg2 Rf8 31. Kh1 Bf6 32. Bd2 Kg7 33. Be3 Bh4 34.
Rg1 Bc6 35. Kh2 Rb8 36. Bg5 Bxg5 37. Qxg5 Qxg5 38. Rxg5 Rxb3 39. Ra1 Kf6 40.
Rg3 Rb2+ 41. Kg1 Bxe4 42. Rxa7 c6 43. Rxh7 Rc2 44. h4 Rxc5 45. h5 gxh5 46. Rxh5
Bd5 47. Kf2 Rc2+ 48. Ke3 Rc3+ 49. Kf2 Rc2+ 50. Ke3 Rc3+ 51. Kf2 Rc4 52. Rh6+
Kf5 53. Rh5+ Kf6 54. Rh6+ Kf5 1/2-1/2

[Event "BL 15/16 Baden Baden - Bremen"]
[Site "?"]
[Date "2016.03.13"]
[Round "11.3"]
[White "Efimenko, Zahar"]
[Black "Shirov, Alexei"]
[Result "1/2-1/2"]
[WhiteElo "2660"]
[BlackElo "2685"]
[PlyCount "51"]
[EventDate "2016.??.??"]
[SourceDate "2015.04.14"]

1. Nf3 d5 2. g3 g6 3. Bg2 Bg7 4. d4 Nf6 5. O-O O-O 6. c4 c6 7. b3 a5 8. Bb2 a4
9. bxa4 dxc4 10. Nbd2 c3 11. Bxc3 Nd5 12. Bb2 Qa5 13. Qb3 Qxa4 14. Nc4 Qxb3 15.
axb3 Rxa1 16. Rxa1 Na6 17. Nfe5 Ndc7 18. e3 Rd8 19. h4 f6 20. Nf3 c5 21. Nb6
Be6 22. dxc5 Nxc5 23. Nd4 Nxb3 24. Nxe6 Nxe6 25. Rb1 Nec5 26. Ba3 1/2-1/2

[Event "BL 15/16 Baden Baden - Bremen"]
[Site "?"]
[Date "2016.03.13"]
[Round "11.4"]
[White "Bacrot, Etienne"]
[Black "Bluebaum, Matthias"]
[Result "1/2-1/2"]
[WhiteElo "2701"]
[BlackElo "2605"]
[PlyCount "55"]
[EventDate "2016.??.??"]
[SourceDate "2015.04.14"]

1. c4 e6 2. Nf3 d5 3. d4 Nf6 4. Nc3 dxc4 5. e3 a6 6. a4 b6 7. Bxc4 Bb7 8. O-O
Bb4 9. Qe2 O-O 10. Bd3 c5 11. dxc5 Bxc5 12. e4 Nbd7 13. Bg5 Qb8 14. Rad1 Ne5
15. Bf4 Bd6 16. Bxe5 Bxe5 17. Nxe5 Qxe5 18. Qe3 Ng4 19. Qh3 f5 20. Qg3 Qxg3 21.
hxg3 Ne5 22. Be2 Rfd8 23. f4 Nf7 24. Bc4 Kf8 25. Bxe6 fxe4 26. Bf5 Nd6 27. Bxh7
Nc4 28. Bxe4 1/2-1/2

[Event "BL 15/16 Baden Baden - Bremen"]
[Site "?"]
[Date "2016.03.13"]
[Round "11.5"]
[White "Edouard, Romain"]
[Black "Vallejo Pons, Francisco"]
[Result "1/2-1/2"]
[WhiteElo "2620"]
[BlackElo "2677"]
[PlyCount "40"]
[EventDate "2016.??.??"]
[SourceDate "2015.04.14"]

1. Nf3 Nf6 2. c4 e6 3. Nc3 b6 4. g3 d5 5. Bg2 c6 6. d4 Be7 7. O-O O-O 8. Ne5
Ba6 9. cxd5 cxd5 10. Bf4 Bb7 11. Rc1 Nbd7 12. Qa4 Nxe5 13. Bxe5 Qd7 14. Qxd7
Nxd7 15. Bf4 Rfc8 16. Nb5 g5 17. Bd6 Kf8 18. Rfd1 a6 19. Bxe7+ Kxe7 20. Nc3 b5
1/2-1/2

[Event "BL 15/16 Baden Baden - Bremen"]
[Site "Germany"]
[Date "2016.03.13"]
[Round "11"]
[White "Naiditsch, Arkadij"]
[Black "Smerdon, David C"]
[Result "0-1"]
[WhiteElo "2673"]
[BlackElo "2521"]
[Annotator "Matthias Krallmann"]
[PlyCount "74"]
[EventDate "2016.??.??"]
[EventCountry "GER"]
[SourceDate "2015.04.14"]
[WhiteTeam "Baden-Baden"]
[BlackTeam "Werder Bremen"]

1. c4 e5 2. Nc3 Nf6 3. g3 d5 4. cxd5 Nxd5 5. Bg2 Nb6 6. e3 c5 7. Nge2 Nc6 8.
O-O Be7 9. f4 O-O 10. b3 f6 $146 {[#] Dieser natürliche Zug, der das schwarze
Zentrum behauptet, ist anscheinend bisher noch nicht gespielt worden. Auf
jeden Fall bringt dieser Zug Naiditsch aus dem Konzept, denn er agiert in der
Folge recht gekünstelt.} (10... exf4 11. Nxf4 Bf6 12. Ba3 Nb4 13. Rc1 a5 14.
Ne4 Be7 15. Nxc5 Nxa2 16. Rc2 Nb4 17. Bxb4 axb4 18. Nxb7 Bxb7 19. Bxb7 Ra3 20.
Be4 Rxb3 21. Rc6 Rb2 22. Qh5 f5 23. Bxf5 Rxf5 24. Qxf5 Qxd2 25. Qe6+ Kh8 26.
Rc8+ Nxc8 27. Qxc8+ Bd8 28. Ng6+ {1-0 Nevednichy,V (2553)-Sukandar,I (2357) /
Golden Sands 2014/CBM 160 Extra}) 11. Ba3 (11. fxe5 fxe5 12. Rxf8+ Bxf8 13. Qc2
g6 14. Bxc6 bxc6 15. Ne4 Ba6 16. N2c3 Bd3 17. Qd1 c4 18. Bb2 $11 {So hätte
Weiß versuchen können gegen die Bauern des schwarzen "Maroczy-Zentrums" zu
spielen.}) 11... Be6 12. Ne4 Nb4 13. f5 {Damit verabschiedet sich Weiß
endgültig von dem Plan gegen einen schwarzen Einzelbauern auf e5 zu spielen
und setzt auf die Karte Königsangriff.} Bf7 14. Bxb4 cxb4 15. g4 a5 16. N2g3 a4
{[#] Das schwarze Spiel am Damenflügel hat sich viel schneller realisiert als
das weiße am Königsflügel.} 17. Rb1 axb3 18. axb3 Kh8 19. h4 Ra3 {[#]} 20.
g5 {Naiditsch packt bereits die Brechstange aus. Das ist kein gutes Zeichen
für die weiße Spielanlage.} fxg5 21. hxg5 Bxg5 22. Qg4 Bf6 $6 (22... Be7 {
wäre stärker gewesen. Es zeigt sich, dass der weiße Angriff eine Fata Morgana
ist.} 23. Nh5 (23. f6 gxf6 24. Nf5 Rg8 (24... Bg6 25. Rb2 Qd7 $17) 25. Nh6 Rg7
$17) (23. Qd1 Nd7 24. Rb2 b6 25. Kh2 Nc5 $17) 23... Rg8 24. Kf2 Rxb3 25. Rxb3
Bxb3 26. Rh1 Bf7 27. Qh3 Nd7 {ein schwarzer 'Springer auf f8 verteidigt den
Nachziehenden gegen alle Drohungen gegen h7.}) 23. Nxf6 gxf6 24. Qxb4 Ra2 {
Gemäß seinem Naturell gibt David lieber den gewonnenen Bauern zurück und
erhält sich dafür seine aktiven Figuren.} 25. Rf2 Rg8 26. Qh4 Nd7 27. Ne4 Bd5 {
[#]} 28. Rc1 {Weiß steht etwas schlechter und opfert erneut einen Bauern um
die Initiative zu erlangen. Doch objektiv betrachtet bringt auch dieses
Bauernopfer wenig.} Bxb3 29. Kh2 Ra4 30. Bf3 Bd5 31. d3 b6 32. Rd1 $6 (32. Rg2
Rxg2+ 33. Kxg2 Bxe4 34. Bxe4 Nc5 35. Rh1 Ra7 {Weiß hat nicht genügend
Kompensation für den Bauern.}) 32... Nc5 $1 {bereitet die spätere Kombination
unauffällig vor.} 33. Rb2 Bxe4 34. dxe4 Qf8 {[#]} 35. Rxb6 $4 {Naiditsch tappt
in die ausgelegte Falle.} (35. Rg1 Rxg1 36. Kxg1 Qd8 $17) 35... Nxe4 $1 {
Sehr schön! Anscheinend hat Weiß zumindest eines der beiden möglichen
Mattbilder übersehen.} 36. Bg2 (36. Bxe4 Rxe4 37. Qxe4 (37. Qxf6+ Qxf6 38. Rxf6
Rh4#) 37... Qh6+ 38. Qh4 Qxh4#) 36... Qg7 37. Rb2 {[#]} Nc3 {Die einfachste
Lösung ist oft die sicherste.} (37... Nd2 38. Qf2 Qh6+ 39. Kg1 (39. Bh3 Rh4)
39... Rxg2+ 40. Qxg2 (40. Kxg2 Rg4+) 40... Qxe3+ {führt sogar zum Matt Eine
großartige Partie von David Smerdon, der zeigte, dass der weiße Königsangriff
positionell ungerechtfertigt war und einmal mehr bewies, dass er ein sehr
guter Taktiker ist.}) 0-1

[Event "BL 15/16 Baden Baden - Bremen"]
[Site "?"]
[Date "2016.03.13"]
[Round "11.7"]
[White "Werle, Jan"]
[Black "Nisipeanu, Liviu-Dieter"]
[Result "1/2-1/2"]
[WhiteElo "2555"]
[BlackElo "2660"]
[PlyCount "70"]
[EventDate "2016.??.??"]
[SourceDate "2015.04.14"]

1. d4 Nf6 2. c4 e6 3. Nc3 Bb4 4. e3 c5 5. Nge2 cxd4 6. exd4 O-O 7. a3 Be7 8.
Nf4 d6 9. Be2 e5 10. Nfd5 Nxd5 11. Nxd5 Nc6 12. dxe5 dxe5 13. O-O Bg5 14. f4
exf4 15. Bxf4 Bxf4 16. Rxf4 Be6 17. Qd2 Bxd5 18. cxd5 Qd6 19. Rd1 Ne5 20. Qb4
Rfd8 21. Qxd6 Rxd6 22. Rb4 b6 23. Ra4 Kf8 24. Kf2 a5 25. b4 Rf6+ 26. Ke1 Ke7
27. bxa5 Rxa5 28. Re4 Kd6 29. Rb4 Nd7 30. Bf3 Rxa3 31. Rc1 Re3+ 32. Kf2 Re5 33.
Rc6+ Ke7 34. Ra4 Rd6 35. Ra7 h5 1/2-1/2

[Event "BL 15/16 Baden Baden - Bremen"]
[Site "?"]
[Date "2016.03.13"]
[Round "11.8"]
[White "Schlosser, Philipp"]
[Black "Markgraf, Alexander"]
[Result "0-1"]
[WhiteElo "2570"]
[BlackElo "2502"]
[Annotator "Buchal,Stephan"]
[PlyCount "178"]
[EventDate "2016.??.??"]
[SourceDate "2015.04.14"]

1. d4 f5 2. g3 Nf6 3. Bg2 g6 4. Nf3 Bg7 5. O-O O-O 6. c4 d6 7. Nc3 Qe8 8. Re1 {
Schlosser hatte sich gründlich auf Alexanders "Leningrader" vorbereitet und
wählt eine giftige  Variante, die in den letzten Jahren sehr populär
geworden ist.} Qf7 9. e4 fxe4 10. Nxe4 {[#]} Nc6 ({Früher spielte man fast
ausschließlich} 10... Qxc4 11. Nxf6+ Bxf6 12. Bh6 (12. Ne5 $5) 12... Rd8 13.
Rc1 Qxa2 14. Rxc7 {überreichlich Kompensation für den geopferten Bauern, z.B.
} Nc6 15. d5 Ne5 16. Nxe5 dxe5 17. Qd2 Qb3 18. Bg5 Qb6 19. Rxe7 Bxe7 20. Bxe7
Re8 21. Rxe5 Bd7 22. d6 Rf8 23. Bxf8 Rxf8 24. Re7 {1-0 (24) Schlosser,P (2602)
-Kholopov,A (2310) Pardubice 2013}) 11. Nc3 Qxc4 12. Bf1 Qf7 13. Ng5 Qe8 14.
Nb5 Qd8 {Die Dame hat sich den Bauern c4 einverleibt und befindet sich nach 6
Zügen wieder auf ihrem Ausgangsfeld. Weiß hat offensichtlich reichlich
Kompensation für den Bauern, aber Schlosser holt sich jetzt etwas zu schnell
die Qualität.} 15. d5 Nb4 16. Nd4 Nbxd5 17. Nde6 Bxe6 18. Nxe6 Qd7 {[#]} 19.
Nxf8 $6 ({Stärker war wahrscheinlich} 19. Bh3 {denn der Tf8 läuft nicht weg
und Weiß kann ihn unter gündtigeren Umständen schlagen, z.B.} Kh8 (19...
Rfe8 $2 20. Ng5 $16) 20. Bg5 c6 21. Kg2 Qe8 22. Nxf8 Qxf8 23. Qb3 Rb8 24. Be6)
19... Rxf8 20. Bg2 c6 21. Qb3 Kh8 22. Re2 e5 23. h3 Qc7 24. a4 Ne7 25. Be3 Nfd5
{[#] Alexander hat 2 Bauern für die Qualität und eine gesunde Struktur, die
ihm dynamische Möglichkeiten bietet - genau passend zu seinem aktiven Stil.}
26. a5 a6 27. Bd2 Nf5 28. Bc3 Nxc3 29. bxc3 d5 $17 {[#] Jetzt steht er richtig
gut, ist aber bereits in großer Zeitnot ...} 30. Rb1 Qxa5 31. Ra2 Qb5 32. Qxb5
axb5 33. Bxd5 $5 {sucht verzweifelt nach Gegenspiel} cxd5 34. Rxb5 e4 35. Rxd5
Bxc3 36. Ra7 Rf7 37. g4 e3 38. fxe3 Nxe3 39. Rb5 Bd4 40. Raxb7 Nxg4+ {[#]. Die
Zeitnot ist geschafft und Alexander hat eine technisch gewonnene Stellung, die
er sicher nach Hause bringt. Dazu tauscht er zunächst die Türme und muss
dann immer wieder seine beiden Leichtfiguren umgruppieren, um seinen Bauer
nach vorne zu bringen.} 41. Kg2 Ne3+ 42. Kg3 Nf5+ 43. Kg2 Rxb7 44. Rxb7 Bf6 45.
Kf3 Be7 46. Kf4 Kg7 47. Rb6 Kh6 48. Kg4 Ne3+ 49. Kf3 Kh5 50. Re6 Nf5 51. Re4
Nh4+ 52. Kf2 Bc5+ 53. Kg3 Bd6+ 54. Kf2 g5 55. Re6 Bf4 56. Ra6 Ng6 57. Kg2 Be5
58. Ra4 Nf4+ 59. Kg3 Bc3 60. Re4 Kg6 61. Re7 Bb4 62. Rb7 Be1+ 63. Kh2 h5 64.
Rb6+ Kf5 65. Rb5+ Kf6 66. Rb6+ Ne6 67. Kg2 Bc3 68. Rb3 Be5 69. Ra3 Nf4+ 70. Kh2
Kf5 71. Ra4 Bc3 72. Rc4 Be5 73. Ra4 Ne6+ 74. Kg2 Bc7 75. Rc4 Nf4+ 76. Kh2 Bd6
77. Ra4 h4 78. Ra5+ Ke4 79. Ra6 Bc5 80. Ra5 Bd6 81. Ra6 Be5 82. Ra3 Nd3+ 83.
Kg2 Bg3 84. Ra4+ Ke3 85. Ra3 Bd6 86. Ra6 Be5 87. Ra3 Bg3 88. Rc3 Ke4 89. Rc4+
Kf5 {Diagramm [#] geschafft! Mit diesem wichtigen Sieg gegen Baden-Baden war
auch Alexanders GM-Norm perfekt, kombiniert aus 4/5 in der 2.BL und 5,5/7 in
der 1.BL. Es folgten noch 4 weitere Siege in Bundesliga 1 und damit der
"Ausbau" seiner GM-Norm auf 15 Partien. Grandios!} 0-1

[Event "BL 15/16 Mülheim - Bremen"]
[Site "Germany"]
[Date "2016.04.09"]
[Round "12"]
[White "Edouard, Romain"]
[Black "Fridman, Daniel"]
[Result "1-0"]
[WhiteElo "2611"]
[BlackElo "2649"]
[Annotator "Matthias Krallmann"]
[PlyCount "159"]
[EventCountry "GER"]
[SourceDate "2015.04.14"]
[WhiteTeam "Werder Bremen"]
[BlackTeam "Mülheim Nord"]

1. d4 Nf6 2. c4 e6 3. Nc3 d5 4. Nf3 Be7 5. Bf4 O-O 6. a3 dxc4 7. e3 Nd5 8. Bxc4
Nxf4 9. exf4 Bf6 10. Qd2 b6 {[#]} 11. O-O-O $146 {Diese neue Zug macht Sinn.
Schwarz hat durch das Abtauschmanöver Sf6-d5-f4 Zeit verloren, Weiß ist
besser entwickelt und kann bei "verschiedenen" Rochaden schneller angreifen.} (
11. O-O Bb7 12. Ne5 Nc6 13. Rfd1 Ne7 14. Rac1 g6 15. Qe2 a6 16. Ne4 Bxe4 17.
Qxe4 c6 18. g3 Qd6 19. h4 Rfd8 20. h5 Bg7 21. Be2 Qd5 22. Qc2 Qd6 23. Qe4 Qd5
24. Qxd5 Rxd5 25. Bf3 Rd6 26. hxg6 hxg6 27. Bxc6 Nxc6 28. Nxc6 Kf8 29. Kf1 Rc8
30. Ne5 Rxc1 31. Rxc1 Bxe5 32. fxe5 Rxd4 33. Rc6 b5 34. Rxa6 Rd2 35. b4 g5 36.
Ra5 Rd5 37. g4 Ke7 38. Kg2 Kd7 39. Ra7+ Ke8 40. Ra5 Kd7 41. Kf3 Rxe5 42. a4 Kc6
43. axb5+ Rxb5 44. Ra7 Rxb4 45. Rxf7 Kd6 46. Rg7 Rb3+ 47. Kg2 Rb5 48. Kg3 Rb3+
49. f3 Rb5 {1/2-1/2 Moiseenko,A (2693)-Melkumyan,H (2676)/Tsaghkadzor 2015/CBM
166}) 11... Bb7 12. Qe3 Nc6 13. d5 {Konsequent öffnet Romain die Stellung, da
er besser entwickelt und zentralisiert steht.} exd5 14. Bxd5 Qc8 15. Ne4 Be7
16. Neg5 Bxg5 17. Nxg5 Nd8 18. Qe4 g6 19. h4 Bxd5 20. Rxd5 {Bis hierhin
spielte Romain Edouard eine perfekte Partie: eine starke Neuerung und gute,
aggressive Züge. Es ist selten, dass Fridman aus der Eröffnung heraus so
überspielt wird. Weiß hat sich klaren Vorteil erarbeitet, doch er lässt im
Folgenden mehrmals deutlich bessere Fortsetzungen aus.} Ne6 {[#]} 21. f5 (21.
Nxh7 $1 Kxh7 22. h5 Kg7 23. hxg6 fxg6 24. Qe5+ Rf6 25. f5 Qe8 (25... gxf5 $2
26. Qg3+ Rg6 27. Qc3+ Rf6 28. Rxf5 Qf8 29. Rh6 $18) 26. fxe6 Qxe6 27. Qxc7+ Rf7
28. Qc3+ Qf6 29. Qd2 $16) 21... Nc5 22. Qc4 gxf5 23. Rh3 c6 $4 {[#]} (23... Qe8
24. Rg3 Kh8 25. Nxh7 $16) 24. Rd6 $2 (24. Rxc5 $1 bxc5 25. Rg3 $18 Kh8 26.
Nxf7+ Rxf7 27. Qc3+ Rf6 28. Qxf6# {sah Mannschaftsführer Gennadij Fish live
vor Ort, aber leider nicht Romain Edouard.}) 24... Qc7 $2 (24... Qa6 25. Qxa6
Nxa6 26. Rf6 f4 27. Rxf4 f5 28. Rhf3 Nc5 29. b4 Nd7 30. Rxf5 $16) 25. Rh6 $2 (
25. Qd4 $1 f6 (25... f4 26. b4 $18) (25... Qe7 26. Rg3 $18) 26. Rg3 $18) 25...
Qe5 26. Re3 Qd5 27. Qc2 f6 $2 (27... Rfe8 28. Nxh7 Kg7 29. Nf6 Qd4 $11) 28. Rg3
(28. Nxh7 Kg7 29. Rh5 Rfe8 (29... Kg6 $4 30. Rxf5 $18) 30. Rxf5 Qa2 31. Qc3 $18
) 28... Nb3+ 29. Rxb3 fxg5 30. Rg3 Qe5 31. Re3 (31. Rxg5+ Kh8 32. Rxc6 Rac8 33.
Kb1 $16) 31... Qg7 32. hxg5 Rae8 33. Qc4+ Kh8 34. Qf4 Rxe3 35. Qxe3 f4 36. Qh3
Qf7 37. Qc3+ Qg7 38. Qh3 Qf7 39. Qd3 Qg7 40. Kb1 c5 41. Qh3 Kg8 42. g6 hxg6 43.
Qe6+ Qf7 44. Rxg6+ Kh7 45. Qxf7+ Rxf7 46. Rg4 {[#] Der schöne Vorteil ist
verspielt und mittlerweile sind die beiden Kontrahenten in einem völlig
ausgeglichenen Turmendspiel gelandet.} Kh6 47. f3 b5 48. Kc2 Rf8 49. Kd3 Rd8+
50. Kc3 Rf8 51. b3 Re8 52. Rxf4 Re3+ 53. Kc2 Re2+ 54. Kd3 Rxg2 55. Rf5 Rg5 56.
Rf6+ Kg7 57. Ra6 Rd5+ 58. Ke4 Rd4+ 59. Ke3 Rd7 60. Rc6 Rd5 61. Ra6 Rd7 62. Rc6
Rd5 63. Rc7+ Kf6 64. Rxa7 c4 65. bxc4 bxc4 66. a4 {[#] Romain hat sich
aufgemacht die vermeintlich bereits gewonnene Partie ein zweites Mal zu
gewinnen. Weiß hat einen Bauern gewonnen, aber nach dem präzisen Zug 66. ...
Ke5 wäre die Stellung noch haltbar für Schwarz gewesen.} Rc5 $2 (66... Ke5
67. a5 (67. f4+ Kd6 68. Ra6+ Kc7 69. Ke4 Rd2 70. Ra5 Kc6 71. Ra8 Kc7 $11) (67.
Rc7 Rd3+ 68. Ke2 Rc3 69. a5 Ra3 70. Rxc4 Rxa5 $11) 67... c3 68. a6 c2 69. Rc7
Ra5 70. a7 Rxa7 $11) 67. Kd2 Rf5 68. Ra8 Ke7 69. a5 Kd7 70. a6 Kc7 71. a7 c3+
72. Kd3 Kb7 {Diagramm # Der folgende schöne Trick bringt die Entscheidung.
Witzig ist, dass Weiß nur gewinnt, da Schwarz noch einen störenden Bauern
auf c3 hat. Ohne diesen Bauern könnte Schwarz einfach Txf3+ nebst Ta3 spielen.
} 73. Rc8 $1 $18 Kxa7 74. Ke4 Kb7 75. Rxc3 Rf8 76. f4 Re8+ 77. Kd5 Rf8 78. Ke5
Re8+ 79. Kd6 Rf8 80. Rc4 1-0

[Event "BL 15/16 Mülheim - Bremen"]
[Site "Germany"]
[Date "2016.04.09"]
[Round "12"]
[White "Markgraf, Alexander"]
[Black "Feygin, Michael"]
[Result "1-0"]
[WhiteElo "2495"]
[BlackElo "2486"]
[Annotator "Matthias Krallmann"]
[PlyCount "67"]
[EventDate "2002.??.??"]
[EventCountry "GER"]
[SourceDate "2015.04.14"]
[WhiteTeam "Werder Bremen"]
[BlackTeam "Mülheim Nord"]

1. e4 e6 2. d4 d5 3. Nc3 Nf6 4. e5 Nfd7 5. f4 c5 6. Nf3 Nc6 7. Be3 b6 8. Be2
Be7 9. O-O O-O 10. Kh1 Bb7 11. Qe1 f6 {[#]} 12. Qg3 $146 (12. exf6 Nxf6 13. Rd1
c4 14. Ne5 Bb4 15. Bf3 Qe7 16. a3 Ba5 17. Bf2 Nxe5 18. dxe5 Ne4 19. Bxe4 dxe4
20. Bh4 Qf7 21. Qe3 Bxc3 22. bxc3 h6 23. h3 Rae8 24. g4 Qc7 25. Kg1 Rf7 26. Rd6
Rd7 27. Qd4 Bd5 28. Rxd7 Qxd7 29. f5 Rf8 30. Rd1 Qc7 31. Rf1 Qd7 32. Rd1 Qc7
33. Rf1 Qd7 {1/2-1/2 Mastrovasilis,D (2631)-Antic,D (2513)/Skopje 2012/CBM 147
Extra}) 12... cxd4 13. Nxd4 Nxd4 14. Bxd4 f5 15. Qe3 Nc5 16. b4 Ne4 17. Nxe4
dxe4 18. c3 {[#]} Qc7 {Das ist zu passiv. Schwarz muss Gegenspiel in der
g-Linie suchen. So wird er von der weißen Bauernmehrheit am Damenflügel
erdrückt.} (18... Kh8 19. a4 g5 $132 20. g3 Rg8 21. a5 Qe8 22. Rg1 (22. axb6
$6 axb6 23. Rxa8 Bxa8 24. Bxb6 gxf4 25. Rxf4 (25. gxf4 $4 Qg6 $19) 25... Bg5)
22... bxa5 23. bxa5 Qd7 $11) 19. a4 Rfc8 20. a5 Bd8 21. Rfc1 Qd7 {[#]} 22. b5 (
22. axb6 Bxb6 23. Bxb6 axb6 24. Rxa8 Rxa8 25. Qxb6 Qd2 26. Rg1 Qxe2 27. Qxb7
Qa2 28. h3 $14) 22... Rab8 23. c4 Ba8 24. c5 bxc5 25. Bxc5 Rb7 26. Rd1 Qf7 27.
Qd4 h6 {[#]} 28. Qxd8+ $1 {Bereits die Schlussabwicklung!} Rxd8 29. Rxd8+ Kh7
30. Rxa8 Rc7 31. Rxa7 Rxa7 32. Bxa7 Qxa7 33. b6 Qd7 34. Rb1 {Die schwarze Dame
ist komplett überfordert.} 1-0